00611nam a2200181Ia 4500008004100000020002200041041000800063082001300071100003200084245005500116260003400171300001500205365000800220650001400228700003200242999002100274952013400295260330s2025 xx 000 0 und d a978-0-07-053246-5 aeng a330bRRL aRAJAN, RAGHURAM/LAMBA ROHIT aBREAKING THE MODUL REIMAGING INDIA ECONOMIC FUTURE bPENGUIN BOOKS LTD. PUNEc2025 a1240pgbPB cRs. aEconomics aRAJAN, RAGHURAM/LAMBA ROHIT c1218381d1218381 00104070aAKSbAKSd2026-03-01ePradip Book Dist.g359.10l0o330/RRLpAKS-C-04861r2026-03-30 00:00:00v359.10w2026-03-30yBK